000 00672nam a2200181 i 4500
001 146403
003 ES-MaACL
005 20230906201524.0
007 t|
008 070907q1946 sp ||||1| spa d
100 1 _aMuller y de Ferrer, Javier de.
_9143199
245 1 0 _aMemoria 1920-1945 /
_cpor su Presidente Javier de Muller y de Ferrer [25 años de labor].
260 _aTarragona :
_b[s.n.,
_c1946?] (
_fImp. Hnos. de R. Gabriel)
300 _a95 p., 24 lám. neg., 6 lám. col. :
_bil. ;
_c21 cm.
594 _aPrecede al tít.: Tribunal Tutelar de Menores.
710 2 _aTribunal Tutelar de Menores de Tarragona.
_9143200
852 _aES-MaACL
_jB-5932
_bR.23706
999 _c146403
_d146403